| 000 | 00695nam a22002417a 4500 | ||
|---|---|---|---|
| 003 | OSt | ||
| 005 | 20220107122826.0 | ||
| 008 | 170605b xxu||||| |||| 00| 0 eng d | ||
| 020 | _a9781482226546 | ||
| 040 | _cIIITMK | ||
| 082 | _a006.4 DAT/F | ||
| 100 |
_aDatta, Asit Kumar _911930 |
||
| 245 |
_aFace detection and recognition: _bTheory and practice |
||
| 260 |
_aNew York, _bCRC Press, _c2016. |
||
| 300 | _axxv, 325p. | ||
| 650 |
_aCOMPUTER SCIENCE _911931 |
||
| 650 |
_aFACE RECOGNITION _912385 |
||
| 650 |
_aBIOMETRIC IDENITIFCATION _912386 |
||
| 650 |
_aCOMPUTER VISION _911932 |
||
| 700 |
_aDatta, Madhura _911934 |
||
| 700 |
_aBanerjee, Pradipta Kumar _911935 |
||
| 942 |
_2ddc _cBK |
||
| 999 |
_c5647 _d5647 |
||